• 首页
  • 本馆介绍
  • 公告通知
  • 最新文献
  • 馆藏检索
  • 电子资源
  • 读者导购
  • 参考咨询
  • 我的图书馆
  • 登录
  • 详细信息显示
  • 放入我的书架
  • 预约/预借图书
  • 作者相关作品
  • 分类相关作品
  • 丛书相关作品
  • 出版社相关作品

书目信息

  • 表格格式
  • 工作单格式
  • 卡片格式
题名:
工业企业财务与分析
    
 
作者: 姜思明 主编
分册:  
出版信息: 北京   机械工业出版社  1983
页数: 310页
开本: 25cm
丛书名:
单 册:
中图分类: F406.72
科图分类:
主题词: 工业企业管理:财务管理 , 财务管理:工业企业管理
电子资源:
ISBN:
000 00695nam0 2200241 45
001 0183002980
005 20051116093958.60
010    @dCNY1.85
091    @a15033.5438
100    @a19950303d1983 em y0chiy0121 ea
101 0  @achi
102    @aCN@b110000
105    @ay z 000yy
200 10 @a工业企业财务与分析@Agong ye qi ye cai wu yu fen xi@f姜思明主编@Fjiang si ming zhu bian
210    @a北京@c机械工业出版社@d1983
215    @a310页@d25cm
606    @a工业企业管理:财务管理
606    @a财务管理:工业企业管理
690    @aF406.72@v3
701  0 @a姜思明@Ajiang si ming@4主编
801  2 @aCN@bNLC@c20051116
801  0 @aCN@b上海图书馆@c20040429
905    @f1@b110241@dF406.72@e48
    
    工业企业财务与分析/姜思明主编.-北京:机械工业出版社,1983
    310页;25cm
    
    
    ISBN :CNY1.85
    
●
相关链接 在E读中查询图书 在五车中查询图书 在当当中查询图书 在豆瓣中查询图书


正题名:工业企业财务与分析     索取号:F406.72/48         预约/预借

序号 登录号 条形码 馆藏地/架位号 状态 备注
1 0110241   000208714   第一样本阅览室/ [索取号:F406.72/48] 在馆    
2 0110242   202144535   密集书库/ [索取号:F406.72/48] 在馆    
唐山师范学院图书馆 欢迎您!
大连网信软件有限公司© 版权所有